[Event "GBR-ch87"]
[Site "Millfield"]
[Date "2000.08.02"]
[Round "3.14"]
[White "Stephenson, F Norman"]
[Black "Crawley, Gavin"]
[Result "1/2-1/2"]
[WhiteElo "2241"]
[BlackElo "2401"]
[PlyCount "120"]
[EventDate "2000.07.31"]
[EventType "swiss"]
[EventRounds "11"]
[EventCountry "GBR"]
[SourceTitle "BritBase"]
[SourceDate "2008.07.14"]
[SourceVersion "1"]
[SourceVersionDate "2008.07.14"]
[SourceQuality "2"]

1. d4 Nf6 2. c4 g6 3. Nc3 Bg7 4. e4 d6 5. Bd3 O-O 6. Nge2 e5 7. d5 Nh5 8. O-O
f5 9. exf5 gxf5 10. Ng3 Nxg3 11. fxg3 e4 12. Be2 Nd7 13. Be3 Ne5 14. Nb5 a6 15.
Nd4 Qe7 16. Qd2 Bd7 17. Rf2 Ng4 18. Bxg4 fxg4 19. Re1 Rxf2 20. Bxf2 Re8 21. Ne6
Bxe6 22. Rxe4 Qf6 23. dxe6 Qxb2 24. Qd5 c6 25. Qxd6 Rf8 26. Qc5 b6 27. Qxb6 Qc2
28. Qe3 h5 29. e7 Re8 30. h3 Qxa2 31. Rf4 Qa1+ 32. Kh2 Qe5 33. Re4 Qf5 34. hxg4
hxg4 35. Qf4 Qg6 36. Kg1 a5 37. Bc5 a4 38. Qxg4 Qxg4 39. Rxg4 Kf7 40. Rf4+ Ke6
41. Rf2 Bf6 42. Ra2 Bxe7 43. Bxe7 Rxe7 44. Rxa4 Ke5 45. Kf2 Kd4 46. g4 c5 47.
Kf3 Kc3 48. g5 Kb3 49. Ra8 Kxc4 50. Rd8 Kb3 51. Kf4 c4 52. g6 c3 53. Rc8 c2 54.
g4 Re8 55. Rc6 Kb2 56. Kg5 c1=Q+ 57. Rxc1 Kxc1 58. Kf6 Kd2 59. g7 Ke3 60. g5
Kf4 1/2-1/2

[Event "GBR-ch87"]
[Site "Millfield"]
[Date "2000.08.02"]
[Round "3.15"]
[White "Knott, Simon"]
[Black "Rudd, Jack"]
[Result "1-0"]
[WhiteElo "2381"]
[BlackElo "2176"]
[PlyCount "105"]
[EventDate "2000.07.31"]
[EventType "swiss"]
[EventRounds "11"]
[EventCountry "GBR"]
[SourceTitle "BritBase"]
[SourceDate "2008.07.14"]
[SourceVersion "1"]
[SourceVersionDate "2008.07.14"]
[SourceQuality "2"]

1. c4 Nf6 2. Nc3 e6 3. Nf3 d5 4. d4 Be7 5. Bg5 O-O 6. e3 c6 7. Bd3 Nbd7 8. O-O
dxc4 9. Bxc4 Nd5 10. Bxe7 Qxe7 11. Qc2 N5b6 12. Bd3 h6 13. Rac1 e5 14. Rfe1
exd4 15. exd4 Qd8 16. Ne4 Nd5 17. Bc4 N7b6 18. Bb3 Bf5 19. Qd2 Bxe4 20. Rxe4
Nf6 21. Re5 Qd6 22. Rce1 Nbd5 23. h3 Nd7 24. R5e2 Nf4 25. Re4 Ng6 26. Re6 fxe6
27. Rxe6 Qf4 28. Rf6+ Kh8 29. Rxf4 Nxf4 30. Bd1 Rae8 31. g3 Nd5 32. Nh4 Kg8 33.
Bh5 Rd8 34. Ng6 Rf6 35. f4 N7b6 36. Ne5 Ne7 37. Qb4 Nf5 38. g4 Nxd4 39. Qe7
Rdf8 40. Bf7+ R8xf7 41. Nxf7 Rxf7 42. Qd8+ Kh7 43. Qxd4 Nd5 44. f5 a6 45. a3
Nf6 46. h4 Rd7 47. Qf4 Rd1+ 48. Kf2 Rd2+ 49. Ke1 Rd7 50. g5 Re7+ 51. Kd1 Ng8
52. Qd6 Kh8 53. Qg6 1-0

[Event "GBR-ch87"]
[Site "Millfield"]
[Date "2000.08.02"]
[Round "3.17"]
[White "Buckley, Graeme"]
[Black "Collins, Sam IRL"]
[Result "1-0"]
[WhiteElo "2351"]
[BlackElo "2172"]
[PlyCount "59"]
[EventDate "2000.07.31"]
[EventType "swiss"]
[EventRounds "11"]
[EventCountry "GBR"]
[SourceTitle "BritBase"]
[SourceDate "2008.07.14"]
[SourceVersion "1"]
[SourceVersionDate "2008.07.14"]
[SourceQuality "2"]

1. d4 d5 2. c4 c6 3. Nf3 Nf6 4. Nc3 a6 5. e3 b5 6. b3 Bg4 7. Be2 e6 8. O-O Nbd7
9. Bb2 Be7 10. h3 Bh5 11. Ne5 Bxe2 12. Qxe2 Nxe5 13. dxe5 Nd7 14. cxd5 cxd5 15.
Rfd1 Qb6 16. Qg4 g6 17. e4 d4 18. Ne2 Nxe5 19. Qg3 Bf6 20. Bxd4 Qb8 21. f4 Nd7
22. Bxf6 Nxf6 23. Qc3 Ke7 24. Qc5+ Ke8 25. Rac1 Nd7 26. Qc3 Rg8 27. Kh1 Qb7 28.
Qd4 Rd8 29. Qd6 Qxe4 30. Rc8 1-0

[Event "GBR-ch87"]
[Site "Millfield"]
[Date "2000.08.02"]
[Round "3.18"]
[White "Aarthie, Ramaswamy"]
[Black "D'Costa, Lorin"]
[Result "1/2-1/2"]
[WhiteElo "2319"]
[BlackElo "2157"]
[PlyCount "58"]
[EventDate "2000.07.31"]
[EventType "swiss"]
[EventRounds "11"]
[EventCountry "GBR"]
[SourceTitle "BritBase"]
[SourceDate "2008.07.14"]
[SourceVersion "1"]
[SourceVersionDate "2008.07.14"]
[SourceQuality "2"]

1. e4 c5 2. Nf3 Nc6 3. d4 cxd4 4. Nxd4 Nf6 5. Nc3 d6 6. Bc4 Qb6 7. Nb3 e6 8.
Bf4 Ne5 9. Bb5+ Bd7 10. Bxd7+ Nfxd7 11. Qe2 a6 12. O-O Be7 13. Rad1 O-O 14. Kh1
Rac8 15. Bc1 Qc7 16. f4 Nc4 17. Rd3 b5 18. Rh3 Rfe8 19. f5 Bf6 20. Qh5 Nf8 21.
Bg5 Bxg5 22. Qxg5 f6 23. Qc1 b4 24. Nd1 Qc6 25. Nf2 d5 26. Nd4 Qb6 27. Nxe6
Nxe6 28. fxe6 Qxe6 29. exd5 Qxd5 1/2-1/2

[Event "GBR-ch87"]
[Site "Millfield"]
[Date "2000.08.02"]
[Round "3.19"]
[White "Tan, Desmond"]
[Black "Koneru, Humpy"]
[Result "1/2-1/2"]
[WhiteElo "2203"]
[BlackElo "2286"]
[PlyCount "43"]
[EventDate "2000.07.31"]
[EventType "swiss"]
[EventRounds "11"]
[EventCountry "GBR"]
[SourceTitle "BritBase"]
[SourceDate "2008.07.14"]
[SourceVersion "1"]
[SourceVersionDate "2008.07.14"]
[SourceQuality "2"]

1. e4 c6 2. d4 d5 3. Nd2 dxe4 4. Nxe4 Nd7 5. Bc4 Ngf6 6. Ng5 e6 7. Qe2 Nb6 8.
Bb3 h6 9. N5f3 a5 10. a4 c5 11. Bf4 Nbd5 12. Be5 cxd4 13. O-O-O Be7 14. Nxd4
Bd7 15. Bxf6 Nxf6 16. Ngf3 Qb6 17. Ne5 Rd8 18. Nf5 Kf8 19. Nxe7 Kxe7 20. Rd2
Bc8 21. Rhd1 Rxd2 22. Rxd2 1/2-1/2

[Event "GBR-ch87"]
[Site "Millfield"]
[Date "2000.08.02"]
[Round "3.20"]
[White "McFarland, Robert S"]
[Black "Obiamiwe, Paul"]
[Result "1-0"]
[WhiteElo "2267"]
[BlackElo "2065"]
[PlyCount "82"]
[EventDate "2000.07.31"]
[EventType "swiss"]
[EventRounds "11"]
[EventCountry "GBR"]
[SourceTitle "BritBase"]
[SourceDate "2008.07.14"]
[SourceVersion "1"]
[SourceVersionDate "2008.07.14"]
[SourceQuality "2"]

1. Nf3 Nf6 2. g3 g6 3. Bg2 Bg7 4. c4 d6 5. d4 O-O 6. Nc3 c5 7. O-O Nc6 8. d5
Na5 9. Nd2 a6 10. Qc2 Rb8 11. b3 b5 12. Bb2 Ng4 13. Nd1 Nf6 14. e4 bxc4 15.
bxc4 Bh6 16. Bc3 Bd7 17. Nb2 Ng4 18. Nd3 e5 19. h3 Nf6 20. g4 Ne8 21. f4 exf4
22. e5 Nb7 23. Nxf4 dxe5 24. Bxe5 Nbd6 25. Rae1 Rb4 26. Bc3 Rb8 27. Qd3 Qh4 28.
Nf3 Qg3 29. Ne2 Bf4 30. Nxg3 Bxg3 31. Rb1 Ra8 32. Ne5 Bxe5 33. Bxe5 f5 34. g5
f4 35. Rb6 Bf5 36. Qb3 Ne4 37. Rxf4 Nxg5 38. Rb7 Nf7 39. Rxf5 Nfd6 40. Bxd6
Nxd6 41. Rxf8+ Rxf8 1-0

[Event "GBR-ch87"]
[Site "Millfield"]
[Date "2000.08.02"]
[Round "3.21"]
[White "Homer, Stephen"]
[Black "Greet, Andrew"]
[Result "1/2-1/2"]
[WhiteElo "2030"]
[BlackElo "2266"]
[PlyCount "53"]
[EventDate "2000.07.31"]
[EventType "swiss"]
[EventRounds "11"]
[EventCountry "GBR"]
[SourceTitle "BritBase"]
[SourceDate "2008.07.14"]
[SourceVersion "1"]
[SourceVersionDate "2008.07.14"]
[SourceQuality "2"]

1. e4 c5 2. Nc3 Nc6 3. g3 g6 4. Bg2 Bg7 5. d3 d6 6. Be3 e6 7. Qd2 Qa5 8. f4
Nge7 9. Nge2 Nd4 10. O-O O-O 11. Rab1 Rb8 12. a3 Bd7 13. b4 Qxa3 14. bxc5 Qxc5
15. e5 Nef5 16. Nxd4 Nxe3 17. Qxe3 Qxc3 18. Ne2 Qc7 19. exd6 Qxc2 20. Rfc1 Qa2
21. Bxb7 a5 22. d4 a4 23. Rb4 Rfd8 24. Rcb1 Bf8 25. R1b2 Qa1+ 26. Rb1 Qa2 27.
R1b2 1/2-1/2

[Event "GBR-ch87"]
[Site "Millfield"]
[Date "2000.08.02"]
[Round "3.22"]
[White "Freeman, Gordon"]
[Black "Evans-Quek, Suan"]
[Result "0-1"]
[WhiteElo "2047"]
[BlackElo "2261"]
[PlyCount "80"]
[EventDate "2000.07.31"]
[EventType "swiss"]
[EventRounds "11"]
[EventCountry "GBR"]
[SourceTitle "BritBase"]
[SourceDate "2008.07.14"]
[SourceVersion "1"]
[SourceVersionDate "2008.07.14"]
[SourceQuality "2"]

1. e4 c5 2. Nc3 Nc6 3. g3 g6 4. Bg2 Bg7 5. d3 e6 6. f4 Nge7 7. Be3 Nd4 8. Nf3
Nec6 9. O-O O-O 10. Nh4 d6 11. Qd2 Qa5 12. Qf2 Bd7 13. f5 exf5 14. Nd5 fxe4 15.
Nf6+ Bxf6 16. Qxf6 Qd8 17. Qxd6 Be6 18. Qxc5 b6 19. Qg5 Qxg5 20. Bxg5 exd3 21.
c3 Ne2+ 22. Kf2 Rac8 23. Be4 Ne5 24. Nf3 f5 25. Bb7 Ng4+ 26. Kg2 Rb8 27. Bc6 f4
28. Be4 Ne3+ 29. Kf2 Nxf1 30. Rxf1 fxg3+ 31. hxg3 Bf5 32. Bd5+ Kg7 33. Rh1 h5
34. Kg2 Rbe8 35. Bc6 Re6 36. Bd5 Rd6 37. c4 Rxd5 38. cxd5 Be4 39. Kf1 Nd4 40.
d6 Nxf3 0-1

[Event "GBR-ch87"]
[Site "Millfield"]
[Date "2000.08.02"]
[Round "3.23"]
[White "Rayner, Francis"]
[Black "Morgan, Ben"]
[Result "1-0"]
[WhiteElo "2256"]
[BlackElo "2035"]
[PlyCount "95"]
[EventDate "2000.07.31"]
[EventType "swiss"]
[EventRounds "11"]
[EventCountry "GBR"]
[SourceTitle "BritBase"]
[SourceDate "2008.07.14"]
[SourceVersion "1"]
[SourceVersionDate "2008.07.14"]
[SourceQuality "2"]

1. e4 c5 2. Nf3 Nc6 3. Bb5 e6 4. O-O Nge7 5. Nc3 a6 6. Bxc6 Nxc6 7. d4 cxd4 8.
Nxd4 d6 9. Re1 Be7 10. Nxc6 bxc6 11. Qg4 O-O 12. Bh6 g6 13. Bxf8 Qxf8 14. e5 d5
15. Rad1 Rb8 16. b3 f6 17. Qg3 Rb4 18. a3 Rb7 19. Ne2 fxe5 20. Qxe5 Bf6 21. Qe3
e5 22. b4 Bf5 23. c3 Bg7 24. f4 e4 25. Nd4 Qf6 26. Rc1 Rf7 27. Rf1 Bd7 28. Qe2
Bc8 29. a4 Qd6 30. Qe3 Bh6 31. g3 Bh3 32. Rf2 Qf6 33. Qe2 e3 34. Qxe3 Re7 35.
Qf3 Bf5 36. Nxf5 gxf5 37. Re2 Re4 38. Rce1 Bg7 39. Re3 Qd6 40. Kg2 a5 41. bxa5
Qc5 42. a6 Qb6 43. a7 Qxa7 44. c4 Qxa4 45. cxd5 cxd5 46. Qh5 Qd4 47. Rxe4 fxe4
48. Rd1 1-0

[Event "GBR-ch87"]
[Site "Millfield"]
[Date "2000.08.02"]
[Round "3.24"]
[White "Frost, Nicholas"]
[Black "Buckley, Simon"]
[Result "1/2-1/2"]
[WhiteElo "2164"]
[BlackElo "2237"]
[PlyCount "67"]
[EventDate "2000.07.31"]
[EventType "swiss"]
[EventRounds "11"]
[EventCountry "GBR"]
[SourceTitle "BritBase"]
[SourceDate "2008.07.14"]
[SourceVersion "1"]
[SourceVersionDate "2008.07.14"]
[SourceQuality "2"]

1. e4 e6 2. d4 c5 3. c3 Nf6 4. Bd3 Nc6 5. Nf3 cxd4 6. cxd4 Nb4 7. O-O Nxd3 8.
Qxd3 d5 9. e5 Nd7 10. Bg5 f6 11. exf6 gxf6 12. Bf4 Bg7 13. Nc3 a6 14. Rac1 O-O
15. Rfe1 Re8 16. Nd2 Kh8 17. Qg3 e5 18. dxe5 Nxe5 19. Bxe5 fxe5 20. Nf3 e4 21.
Ng5 Be6 22. Rcd1 Bg8 23. Ncxe4 Qa5 24. Nc3 Rxe1+ 25. Rxe1 d4 26. Re7 dxc3 27.
Nxh7 Qe5 28. Rxe5 cxb2 29. Re1 Bxh7 30. Qh3 Kg8 31. Qe6+ Kh8 32. Qh3 Kg8 33.
Qe6+ Kh8 34. Qh3 1/2-1/2

[Event "GBR-ch87"]
[Site "Millfield"]
[Date "2000.08.02"]
[Round "3.25"]
[White "Spence, David J"]
[Black "Hodgson, Julian"]
[Result "0-1"]
[WhiteElo "2153"]
[BlackElo "2640"]
[PlyCount "76"]
[EventDate "2000.07.31"]
[EventType "swiss"]
[EventRounds "11"]
[EventCountry "GBR"]
[SourceTitle "BritBase"]
[SourceDate "2008.07.14"]
[SourceVersion "1"]
[SourceVersionDate "2008.07.14"]
[SourceQuality "2"]

1. e4 g6 2. d4 Bg7 3. Nc3 c6 4. Nf3 d6 5. Be3 Nf6 6. Qd2 Qa5 7. Bd3 Bg4 8.
O-O-O Nbd7 9. Kb1 O-O 10. Ne2 Qc7 11. Bh6 c5 12. c3 b5 13. h3 Bxf3 14. gxf3
Rab8 15. Ka1 b4 16. Bxg7 Kxg7 17. cxb4 Rxb4 18. h4 Rfb8 19. Rb1 cxd4 20. h5 Nc5
21. b3 Nxh5 22. Bc4 Rxc4 23. bxc4 Rxb1+ 24. Kxb1 e5 25. Ng3 Nf4 26. Rg1 Kf8 27.
Ne2 Nce6 28. Nxf4 Nxf4 29. Rc1 h5 30. Ka1 h4 31. Qc2 h3 32. Qa4 Kg7 33. Qd1 Qc5
34. Qd2 Qa3 35. Qd1 Ne2 36. Rc2 d3 37. Rb2 Qc3 38. Kb1 h2 0-1

[Event "GBR-ch87"]
[Site "Millfield"]
[Date "2000.08.02"]
[Round "3.26"]
[White "Barton, R Alan"]
[Black "Simons, Martin"]
[Result "1-0"]
[WhiteElo "2145"]
[BlackElo "2226"]
[PlyCount "147"]
[EventDate "2000.07.31"]
[EventType "swiss"]
[EventRounds "11"]
[EventCountry "GBR"]
[SourceTitle "BritBase"]
[SourceDate "2008.07.14"]
[SourceVersion "1"]
[SourceVersionDate "2008.07.14"]
[SourceQuality "2"]

1. Nf3 d6 2. d4 Bg4 3. e4 Nf6 4. h3 Bh5 5. Bd3 e6 6. c3 Be7 7. Bf4 O-O 8. g4
Bg6 9. Qc2 c5 10. dxc5 dxc5 11. Ne5 Nc6 12. Nxc6 bxc6 13. Nd2 Nd7 14. Nc4 Re8
15. O-O-O Bg5 16. Qd2 Bxf4 17. Qxf4 e5 18. Qe3 Qe7 19. Bc2 Red8 20. Na5 Rac8
21. Nb7 Rf8 22. h4 Rc7 23. Nd6 h6 24. Bb3 Qf6 25. g5 hxg5 26. hxg5 Qf4 27. Rh3
Rb8 28. Rdh1 Kf8 29. Nf5 Bxf5 30. exf5 Qxe3+ 31. Rxe3 Rcb7 32. f4 c4 33. Bxc4
Rxb2 34. Rh8+ Ke7 35. Rxb8 Rxb8 36. fxe5 Rh8 37. f6+ Kf8 38. e6 fxe6 39. fxg7+
Kxg7 40. Rxe6 Rh1+ 41. Kd2 Nb6 42. Bd3 Nd5 43. Rg6+ Kf8 44. Rh6 Rg1 45. Rh8+
Kg7 46. Rh7+ Kf8 47. Rh8+ Kg7 48. Rh7+ Kf8 49. g6 Rg2+ 50. Kc1 Rxa2 51. Rf7+
Kg8 52. Rd7 Ra3 53. Kb2 Ra5 54. Bc4 Kf8 55. Kb3 Ra1 56. Bxd5 cxd5 57. Rxd5 Rg1
58. Rd6 Ke7 59. Ra6 Kd8 60. Kb4 Rg5 61. c4 Kc8 62. c5 Kb7 63. Kb5 Rg1 64. Rf6
Rb1+ 65. Kc4 Rg1 66. Kd5 Rd1+ 67. Ke6 Kc6 68. Rf5 Rg1 69. Kf6 a5 70. g7 a4 71.
Rg5 Rxg5 72. Kxg5 Kxc5 73. g8=Q Kb4 74. Qa2 1-0

[Event "GBR-ch87"]
[Site "Millfield"]
[Date "2000.08.02"]
[Round "3.27"]
[White "Lilley, Graham"]
[Black "Orton, Stephen"]
[Result "1-0"]
[WhiteElo "2224"]
[BlackElo "2045"]
[PlyCount "109"]
[EventDate "2000.07.31"]
[EventType "swiss"]
[EventRounds "11"]
[EventCountry "GBR"]
[SourceTitle "BritBase"]
[SourceDate "2008.07.14"]
[SourceVersion "1"]
[SourceVersionDate "2008.07.14"]
[SourceQuality "2"]

1. c4 Nf6 2. Nc3 g6 3. Nf3 Bg7 4. g3 O-O 5. Bg2 d6 6. d4 Nc6 7. O-O a6 8. h3
Rb8 9. e4 b5 10. cxb5 axb5 11. e5 dxe5 12. dxe5 Qxd1 13. Rxd1 Nd7 14. Bg5 h6
15. Bf4 e6 16. Rac1 Ne7 17. Nd4 g5 18. Be3 b4 19. Na4 Bxe5 20. Nc6 Nxc6 21.
Bxc6 Bd6 22. Ba7 Rb7 23. Bxb7 Bxb7 24. Nc5 Nxc5 25. Bxc5 Bd5 26. Bxd6 cxd6 27.
Rd4 Ra8 28. Rxb4 Rxa2 29. Kf1 Kg7 30. Ke1 f5 31. Rc7+ Kf6 32. Rh7 Ra1+ 33. Kd2
Rh1 34. h4 Kg6 35. Rd7 f4 36. hxg5 f3 37. gxh6 Rf1 38. Ke3 Re1+ 39. Kf4 e5+ 40.
Kg4 Be6+ 41. Kxf3 Bd5+ 42. Kg4 Be6+ 43. Kf3 Bxd7 44. Rb6 Rd1 45. h7 e4+ 46. Kf4
Kxh7 47. Rb7 Kg6 48. Rxd7 Rd2 49. Kxe4 Rxf2 50. Rxd6+ Kg5 51. b3 Re2+ 52. Kf3
Rb2 53. Rd5+ Kf6 54. Rb5 Rb1 55. Kg4 1-0

[Event "GBR-ch87"]
[Site "Millfield"]
[Date "2000.08.02"]
[Round "3.28"]
[White "Broomfield, Matthew"]
[Black "Freeman, Richard CP"]
[Result "1-0"]
[WhiteElo "2192"]
[BlackElo "2025"]
[PlyCount "79"]
[EventDate "2000.07.31"]
[EventType "swiss"]
[EventRounds "11"]
[EventCountry "GBR"]
[SourceTitle "BritBase"]
[SourceDate "2008.07.14"]
[SourceVersion "1"]
[SourceVersionDate "2008.07.14"]
[SourceQuality "2"]

1. d4 g6 2. Nf3 Bg7 3. c4 d6 4. Nc3 e5 5. Bg5 f6 6. Bh4 g5 7. Bg3 f5 8. h3 e4
9. Nd2 Nf6 10. e3 O-O 11. f4 g4 12. Bh4 h5 13. Be2 c6 14. b4 Na6 15. Rb1 Nc7
16. Nb3 Qe8 17. c5 Ncd5 18. Nxd5 Nxd5 19. Qd2 Bf6 20. Bxf6 Rxf6 21. g3 Qg6 22.
Kf2 Bd7 23. h4 Nc7 24. Rhc1 d5 25. a4 Rff8 26. Rc2 Ne6 27. b5 Rfb8 28. Na5 Qe8
29. Rcb2 Nd8 30. Qc3 Kf7 31. bxc6 Bxc6 32. Bb5 Ne6 33. Kg1 Qc8 34. Bxc6 bxc6
35. Nxc6 Rxb2 36. Ne5+ Kg8 37. Qxb2 Qa6 38. Qb7 Qxb7 39. Rxb7 Nd8 40. Rb5 1-0

[Event "GBR-ch87"]
[Site "Millfield"]
[Date "2000.08.02"]
[Round "3.29"]
[White "Snape, Ian"]
[Black "Douglas, Timothy"]
[Result "0-1"]
[WhiteElo "2170"]
[BlackElo "2015"]
[PlyCount "118"]
[EventDate "2000.07.31"]
[EventType "swiss"]
[EventRounds "11"]
[EventCountry "GBR"]
[SourceTitle "BritBase"]
[SourceDate "2008.07.14"]
[SourceVersion "1"]
[SourceVersionDate "2008.07.14"]
[SourceQuality "2"]

1. c4 g6 2. Nc3 Bg7 3. g3 e5 4. Bg2 Nc6 5. d3 d6 6. e3 Be6 7. Nge2 Qd7 8. Nd5
Nce7 9. Nxe7 Nxe7 10. Bxb7 Rd8 11. Bg2 c6 12. h4 d5 13. c5 O-O 14. d4 Qc7 15.
Qd2 Bg4 16. b3 Nf5 17. Bb2 Bxe2 18. Kxe2 exd4 19. exd4 Rfe8+ 20. Kf1 Qe7 21.
Rd1 Qf6 22. Kg1 Re7 23. Bf1 Rde8 24. Qg5 Qe6 25. g4 Nh6 26. f3 f6 27. Qf4 Nf7
28. g5 fxg5 29. hxg5 Qe3+ 30. Qxe3 Rxe3 31. f4 R3e4 32. Rh4 Nxg5 33. Bg2 Re2
34. Ba1 Ne4 35. a4 Nd2 36. Rh3 Re1+ 37. Rxe1 Rxe1+ 38. Kf2 Rxa1 39. Ke3 Nxb3
40. Bxd5+ cxd5 41. c6 Bxd4+ 42. Ke2 Rc1 43. Rxb3 Rxc6 44. Rb5 Bc5 45. Kf3 Kg7
46. Rb7+ Kh6 47. Rb5 Rc7 48. a5 Kg7 49. Rb8 Rd7 50. Ke2 Kf6 51. Rc8 Bb4 52. a6
d4 53. Kd3 Bd6 54. Kxd4 Bxf4+ 55. Ke4 Bc7 56. Ra8 Bb6 57. Rb8 Rd4+ 58. Kf3 Ra4
59. Rb7 h5 0-1

[Event "GBR-ch87"]
[Site "Millfield"]
[Date "2000.08.02"]
[Round "3.30"]
[White "Jackson, Oliver"]
[Black "Hebbes, Tim"]
[Result "1-0"]
[WhiteElo "2209"]
[BlackElo "2121"]
[PlyCount "59"]
[EventDate "2000.07.31"]
[EventType "swiss"]
[EventRounds "11"]
[EventCountry "GBR"]
[SourceTitle "BritBase"]
[SourceDate "2008.07.14"]
[SourceVersion "1"]
[SourceVersionDate "2008.07.14"]
[SourceQuality "2"]

1. e4 e6 2. d4 d5 3. Nc3 dxe4 4. Nxe4 Be7 5. Nf3 Nf6 6. Bd3 Nbd7 7. Qe2 c5 8.
Bf4 Nxe4 9. Qxe4 cxd4 10. O-O-O Nf6 11. Bb5+ Kf8 12. Qe2 a6 13. Bc4 b5 14. Bb3
Nd5 15. Bg3 Bb7 16. Nxd4 Qb6 17. Be5 Nf6 18. f4 g6 19. Rhf1 Rg8 20. Bxe6 fxe6
21. Bxf6 Bxf6 22. Nxe6+ Ke8 23. f5 gxf5 24. Qh5+ Rg6 25. Qxh7 Bxb2+ 26. Kxb2
Qxe6 27. Qxb7 Qe5+ 28. Kb1 Rb8 29. Qd7+ Kf8 30. Rxf5+ 1-0

[Event "GBR-ch87"]
[Site "Millfield"]
[Date "2000.08.02"]
[Round "3.32"]
[White "Evans-Quek, Debbie"]
[Black "Waters, Clive"]
[Result "1/2-1/2"]
[WhiteElo "2046"]
[BlackElo "2170"]
[PlyCount "88"]
[EventDate "2000.07.31"]
[EventType "swiss"]
[EventRounds "11"]
[EventCountry "GBR"]
[SourceTitle "BritBase"]
[SourceDate "2008.07.14"]
[SourceVersion "1"]
[SourceVersionDate "2008.07.14"]
[SourceQuality "2"]

1. e4 e6 2. d3 d5 3. Nd2 Nf6 4. Ngf3 Nc6 5. g3 Bc5 6. Bg2 dxe4 7. dxe4 e5 8.
O-O O-O 9. Qe2 a5 10. Nb3 Bd6 11. a4 b6 12. Re1 Ba6 13. Qd1 Bc4 14. Nbd2 Be6
15. c3 Bc5 16. Qc2 Qe7 17. Nb3 Bd6 18. Bg5 h6 19. Bxf6 Qxf6 20. Rad1 Bg4 21.
Rd3 Qe6 22. Nh4 Qc4 23. Nd2 Qc5 24. Rc1 Ne7 25. Nf1 b5 26. Ne3 Be6 27. Nhf5
Nxf5 28. exf5 Bc4 29. Nxc4 bxc4 30. Rd5 Qa7 31. f6 g6 32. Qd2 Kh7 33. Rxd6 cxd6
34. Bxa8 Rxa8 35. Qxd6 Qb8 36. Qe7 Ra7 37. Qa3 Qb6 38. Re1 Qxf6 39. Qc5 Rb7 40.
Re2 Qf3 41. Qxe5 Rd7 42. Re1 Rd1 43. Rxd1 Qxd1+ 44. Kg2 Qxa4 1/2-1/2

[Event "GBR-ch87"]
[Site "Millfield"]
[Date "2000.08.02"]
[Round "3.33"]
[White "Binks, Michael E"]
[Black "Pleasants, Allan"]
[Result "0-1"]
[WhiteElo "2155"]
[BlackElo "2040"]
[PlyCount "64"]
[EventDate "2000.07.31"]
[EventType "swiss"]
[EventRounds "11"]
[EventCountry "GBR"]
[SourceTitle "BritBase"]
[SourceDate "2008.07.14"]
[SourceVersion "1"]
[SourceVersionDate "2008.07.14"]
[SourceQuality "2"]

1. e4 g6 2. d4 Bg7 3. c3 d6 4. Bc4 Nf6 5. Nd2 O-O 6. Ngf3 c6 7. O-O Qc7 8. Re1
e5 9. dxe5 dxe5 10. Nf1 Nbd7 11. b4 c5 12. Bb3 c4 13. Bc2 a5 14. a4 Rd8 15. Qe2
Bf8 16. Rb1 Nb6 17. Be3 Nfd7 18. Ra1 Ra6 19. Reb1 f6 20. N3d2 axb4 21. a5 Na8
22. cxb4 b5 23. axb6 Naxb6 24. Ra5 Bb7 25. Rxa6 Bxa6 26. b5 Bb7 27. Nxc4 Nxc4
28. Bb3 Bxe4 29. Rd1 Rc8 30. f3 Bf5 31. b6 Ndxb6 32. Bxb6 Qxb6+ 0-1

[Event "GBR-ch87"]
[Site "Millfield"]
[Date "2000.08.02"]
[Round "3.34"]
[White "Buckley, Melanie"]
[Black "Howell, David W"]
[Result "0-1"]
[WhiteElo "2124"]
[BlackElo "2020"]
[PlyCount "44"]
[EventDate "2000.07.31"]
[EventType "swiss"]
[EventRounds "11"]
[EventCountry "GBR"]
[SourceTitle "BritBase"]
[SourceDate "2008.07.14"]
[SourceVersion "1"]
[SourceVersionDate "2008.07.14"]
[SourceQuality "2"]

1. e4 e5 2. Bc4 Nf6 3. d3 c6 4. Nf3 d5 5. exd5 cxd5 6. Bb3 Nc6 7. h3 h6 8. O-O
Bd6 9. Nc3 Be6 10. Re1 a6 11. a4 O-O 12. Bd2 Re8 13. a5 Qc7 14. Ba4 Rad8 15.
Na2 e4 16. Bxc6 bxc6 17. Nd4 Bd7 18. b4 c5 19. bxc5 Bxc5 20. Nb3 Ba7 21. Nb4
Bxh3 22. Nxa6 Qg3 0-1

[Event "GBR-ch87"]
[Site "Millfield"]
[Date "2000.08.03"]
[Round "4.1"]
[White "Ward, Chris"]
[Black "Summerscale, Aaron"]
[Result "0-1"]
[WhiteElo "2508"]
[BlackElo "2459"]
[PlyCount "84"]
[EventDate "2000.07.31"]
[EventType "swiss"]
[EventRounds "11"]
[EventCountry "GBR"]
[SourceTitle "BritBase"]
[SourceDate "2008.07.14"]
[SourceVersion "1"]
[SourceVersionDate "2008.07.14"]
[SourceQuality "2"]

1. d4 d5 2. c4 e6 3. Nf3 Nf6 4. Nc3 Be7 5. Bg5 h6 6. Bxf6 Bxf6 7. e4 dxe4 8.
Nxe4 Nc6 9. Nxf6+ Qxf6 10. Qd2 O-O 11. O-O-O e5 12. d5 e4 13. dxc6 exf3 14.
gxf3 Qxc6 15. Qc3 Bf5 16. Rd5 Qg6 17. Bd3 Bxd3 18. Qxd3 Qg2 19. Rd1 Qxf2 20.
Rd2 Qg1+ 21. Kc2 Rae8 22. Rd7 Re1 23. Qd4 Qg6+ 24. Kb3 Qc6 25. Qd5 Re3+ 26. Kb4
Qa6 27. Qa5 c5+ 28. Qxc5 Rxf3 29. Rd8 Rxd8 30. Rxd8+ Kh7 31. Qc8 Qb6+ 32. Ka4
Rf4 33. b3 a5 34. a3 Qa6 35. Rh8+ Kg6 36. Qc5 Rf5 37. Qg1+ Rg5 38. Qb1+ Kf6 39.
Qa1+ Re5 40. Qf1+ Ke7 41. Rc8 b5+ 42. cxb5 Qxc8 0-1

[Event "GBR-ch87"]
[Site "Millfield"]
[Date "2000.08.03"]
[Round "4.3"]
[White "Hebden, Mark"]
[Black "Lalic, Bogdan"]
[Result "1/2-1/2"]
[WhiteElo "2505"]
[BlackElo "2520"]
[PlyCount "71"]
[EventDate "2000.07.31"]
[EventType "swiss"]
[EventRounds "11"]
[EventCountry "GBR"]
[SourceTitle "BritBase"]
[SourceDate "2008.07.14"]
[SourceVersion "1"]
[SourceVersionDate "2008.07.14"]
[SourceQuality "2"]

1. d4 Nf6 2. Nf3 e6 3. c3 c5 4. Bg5 h6 5. Bxf6 Qxf6 6. e4 cxd4 7. cxd4 Bb4+ 8.
Nc3 Nc6 9. Rc1 d5 10. Bd3 dxe4 11. Bxe4 O-O 12. O-O Bxc3 13. bxc3 Bd7 14. Re1
Rfd8 15. Qb3 b6 16. Bb1 Rac8 17. Qc2 g6 18. Qe4 b5 19. h4 Ne7 20. Ne5 Bc6 21.
Qg4 h5 22. Qg3 Bd5 23. a3 Kg7 24. Re3 a5 25. Rce1 Nf5 26. Bxf5 Qxf5 27. Nf3 Qg4
28. Qh2 b4 29. axb4 axb4 30. Ne5 Qf5 31. c4 Rxc4 32. Nxc4 Bxc4 33. Qc7 Qd5 34.
Rc1 Ba2 35. Qa7 Rd7 36. Qb8 1/2-1/2